| 000 | 00459nam a2200193Ia 4500 | ||
|---|---|---|---|
| 008 | 170918s9999 xx 000 0 und d | ||
| 020 | _a590475657 | ||
| 050 | _bF853 1985 | ||
| 100 | _aFreedman, Russell | ||
| 245 | _aCowboys of the wild west / | ||
| 245 | _cRussell Freedman. | ||
| 260 | _aNew York : | ||
| 260 | _bScholastic, | ||
| 260 | _c1985 | ||
| 300 | _a103 pages : | ||
| 300 | _bcolored illustration ; | ||
| 300 | _c24cm. | ||
| 500 | _a1160 | ||
| 999 |
_c341987 _d341987 |
||